000 01235pam a2200337 a 4500
001 652414
003 OSt
005 20140310181630.0
008 940426s1994 mau j 000 1 eng
010 _a 94017448
020 _a0316031089 (hc) :
_c$14.95
020 _a0316031046 (pb) :
_c$6.95
040 _aDLC
_cDLC
_dDLC
042 _alcac
050 0 0 _aPS 1017
_b.Al355 1983
082 0 0 _aCLA
_bAl1lm 1983
100 1 _aAlcott, Louisa May,
_d1832-1888.
_92893
245 1 0 _aLittle men :
_blife at Plumfield with Jo's boys /
_cby Louisa May Alcott.
260 _aBoston :
_bLittle, Brown,
_cc1983
300 _a332 p. ;
_c20 cm.
520 _aFollows the adventures of Jo March and her husband Professor Bhaer as they try to make their school for boys a happy, comfortable, and stimulating place.
541 _j1
562 _e1
650 1 _aBoarding schools
_xFiction.
_92894
650 1 _aSchools
_xFiction.
_92895
650 1 _aFamily life
_zNew England
_xFiction.
_92896
651 1 _aNew England
_xFiction.
_92897
906 _a7
_bcbc
_corignew
_d1
_eocip
_f19
_gy-gencatlg
942 _2lcc
_cBBK
_kCLA
999 _c492
_d492